000 00873cam a22002291i 4500
003 SA-RiAUC
005 20251110080741.0
008 251108q19001999||| g i000 0 ara c
040 _aEG-CaDAJ
_bara
_cSA-RiAUC
_erda
082 0 4 _a253.4
090 _a253.4
_bع ن ا
100 1 _aالعناني، حسن صالح
_eمؤلف.
245 1 0 _aعلة تحريم الربا وصلتها بوظيفة النقد /
_cحسن العناني.
264 1 _a[مكان النشر غير محدد] :
_bمطابع الاتحاد الدولي للبنوك،
_c[بين 1900 و1999]
300 _a79 صفحة؛
_c18 سم.
336 _aنص
_btxt
_2rdacontent
_3كتاب
337 _aبدون وسيط
_bn
_2rdamedia
338 _aمجلد
_bnc
_2rdacarrier
650 7 _aالربا (فقه إسلامي)
_2aucsh
942 _2ddc
_cBOOK
_n0
949 _aSA-JeALM
_d251108
_umohamedma123
_n1
999 _c13123
_d13123